Reviewer licensure examination for teachers (LET) : (Record no. 364536)
[ view plain ]
| 000 -LEADER | |
|---|---|
| fixed length control field | 00462nam a2200133Ia 4500 |
| 008 - FIXED-LENGTH DATA ELEMENTS--GENERAL INFORMATION | |
| fixed length control field | 200928s9999 xx 000 0 und d |
| 020 ## - INTERNATIONAL STANDARD BOOK NUMBER | |
| International Standard Book Number | 978-621-406-186-0 |
| 100 ## - MAIN ENTRY--PERSONAL NAME | |
| Personal name | Cadiz, Arlon |
| 245 ## - TITLE STATEMENT | |
| Statement of responsibility, etc | Arlon Cadiz.-- |
| Title | Reviewer licensure examination for teachers (LET) : |
| Remainder of title | General education (Elementary & Secondary) |
| 260 ## - PUBLICATION, DISTRIBUTION, ETC. (IMPRINT) | |
| Place of publication, distribution, etc | Manila : |
| Name of publisher, distributor, etc | Mindshapers Co., In. |
| Date of publication, distribution, etc | 2018 |
| 300 ## - PHYSICAL DESCRIPTION | |
| Extent | iv , 89 pages : |
| Other physical details | illustrations ; |
| Dimensions | 26 cm. |
| 650 ## - SUBJECT ADDED ENTRY--TOPICAL TERM | |
| Topical term or geographic name as entry element | Education |
| 650 ## - SUBJECT ADDED ENTRY--TOPICAL TERM | |
| Topical term or geographic name as entry element | Teachers |
| Withdrawn status | Lost status | Damaged status | Home library | Current library | Shelving location | Date acquired | Source of acquisition | Total Checkouts | Full call number | Barcode | Date last seen | Date checked out | Price effective from | Koha item type |
|---|---|---|---|---|---|---|---|---|---|---|---|---|---|---|
| College Library | College Library | Filipiniana Section | 09/28/2020 | Library Fund | 1 | LB 1765.P6 .C124 2018 | C22645 | 03/07/2022 | 02/28/2022 | 09/28/2020 | Books |